| Tag |
First Indicator |
Second Indicator |
Subfields |
| LEADER |
00000pam a22000004a 4500 |
| 001 |
in00002017313 |
| 005 |
20151031144727.0 |
| 008 |
021121s2003 meua b 001 0 eng |
| 010 |
|
|
|a 2002042828
|
| 020 |
|
|
|a 157110352X (alk. paper)
|
| 035 |
|
|
|a (OCoLC)ocm51095411
|
| 040 |
|
|
|a DLC
|c DLC
|d UtOrBLW
|
| 042 |
|
|
|a pcc
|
| 049 |
|
|
|a TXAM
|
| 050 |
0 |
0 |
|a LB1576
|b .L365 2003
|
| 082 |
0 |
0 |
|a 428/.0071
|2 21
|
| 100 |
1 |
|
|a Lattimer, Heather,
|d 1971-
|
| 245 |
1 |
0 |
|a Thinking through genre :
|b units of study in reading and writing workshops 4-12 /
|c Heather Lattimer ; [foreword by Randy Bomer].
|
| 264 |
|
1 |
|a Portland, Me. :
|b Stenhouse Publishers,
|c [2003]
|
| 264 |
|
4 |
|c ©2003
|
| 300 |
|
|
|a xiv, 290 pages :
|b illustrations ;
|c 24 cm.
|
| 336 |
|
|
|a text
|b txt
|2 rdacontent
|
| 337 |
|
|
|a unmediated
|b n
|2 rdamedia
|
| 338 |
|
|
|a volume
|b nc
|2 rdacarrier
|
| 504 |
|
|
|a Includes bibliographical references (pages [277]-280) and index.
|
| 650 |
|
0 |
|a Language arts (Elementary)
|
| 650 |
|
0 |
|a Language arts (Secondary)
|
| 650 |
|
0 |
|a Literary form.
|
| 948 |
|
|
|a cataloged
|b h
|c 2005/5/2
|d c
|e ceaton
|f 4:29:33 pm
|
| 994 |
|
|
|a C0
|b TXA
|
| 999 |
|
|
|a MARS
|
| 999 |
f |
f |
|s 56d64801-a3f8-37bd-ab35-2db3b5ec3c08
|i b6495f14-cebf-3c86-9415-0e55df203240
|t 0
|
| 952 |
f |
f |
|p normal
|a Texas A&M University
|b College Station
|c Sterling C. Evans Library
|d Evans: Library Stacks
|t 0
|e LB1576 .L365 2003
|h Library of Congress classification
|i unmediated -- volume
|m A14833772811
|
| 998 |
f |
f |
|a LB1576 .L365 2003
|t 0
|l Evans: Library Stacks
|